Annual report of the economy summary (fiscal 1979)

Spremljeno u:
Bibliografski detalji
Format: Knjiga
Jezik:Undetermined
Izdano: [Tokyo] Foreign Press Center, Japan 1979
Teme:
Oznake: Dodaj oznaku
Bez oznaka, Budi prvi tko označuje ovaj zapis!
Thư viện lưu trữ: Trung tâm Học liệu Trường Đại học Cần Thơ
LEADER 00537nam a2200193Ia 4500
001 CTU_105277
008 210402s9999 xx 000 0 und d
082 |a 330.952 
082 |b A613 
245 0 |a Annual report of the economy summary (fiscal 1979) 
245 0 |c Economic Planning Agency 
260 |a [Tokyo] 
260 |b Foreign Press Center, Japan 
260 |c 1979 
650 |a Japan 
650 |x Economic conditions,Report 
650 |y 1979- 
904 |i Năm 
980 |a Trung tâm Học liệu Trường Đại học Cần Thơ